| 000 | 00496nam a22001697a 4500 | ||
|---|---|---|---|
| 003 | OSt | ||
| 005 | 20260115054738.0 | ||
| 008 | 260115b |||||||| |||| 00| 0 eng d | ||
| 020 | _a1-58279636-X. | ||
| 040 |
_aDWCL-Main lib _cOC |
||
| 082 |
_22005 edition _aGR. 617.564 Ov96 2005 |
||
| 245 | _aOvercoming backache | ||
| 260 |
_aUSA : _bTrident Reference Publishing, _cc2005. |
||
| 300 |
_a63 pages : _bcolored illustration ; _cc2005. |
||
| 650 | _21. Backache. | ||
| 942 |
_2ddc _cGR _e2005 ed. _kGR. _n0 |
||
| 999 |
_c7430 _d7430 |
||